000 01462naa a22004097a 4500
001 BR7603127
003 BR-BrBNA
005 20240918173849.0
007 ta
008 230509b bl.||||| |||| 00| 0 por d
040 _aBR-BrBNA
_bpor
_cBiblioteca Nacional de Agricultura
041 _a(Pt)
072 _aF60; F21; F22
_b1930
_b3920
_b3820
090 _aF60 BR7603127
100 1 _aAbrantes, G.T.V.
100 1 _aDay, J.M.
100 1 _aCruz, V.C.
100 1 _aDobereiner, J.
111 1 _a15. Congresso Brasileiro de Ciencia do Solo
_cCampinas, SP (Brazil)
_d14 Jul 1975
245 1 _aFatores limitantes da fixacao de nitrogenio em campo de Digitaria decumbens cv. transvala [Capim pangola; Raiz; Bacteria nao patogenica; Temperatura; Umidade do solo]
260 3 _aCampinas, SP (Brasil):
_c1976.
500 _aAnais do 15. Congresso Brasileiro de Ciencia do Solo Campinas, SP (Brasil): 1976. p. 171-176 (BR7603127-AM)F60
650 _aFISIOLOGIA VEGETAL
650 _aBIOLOGIA DO SOLO
650 _aFISICA DO SOLO
650 _aCAPIM PANGOLA
650 _aBACTERIA NAO PATOGENICA
650 _aNITROGENIO
650 _aRAIZ
650 _aFIXACAO DE NITROGENIO
650 _aSOLO
650 _aTEMPERATURA
650 _aUMIDADE DO SOLO
773 0 _tAnais do 15. Congresso Brasileiro de Ciencia do Solo
_wF60 BR7603127
_gCampinas, SP (Brasil), 1976. p. 171-176
909 _a202404
_bLucia
_c55
_dLucia Elande
942 _cAM
_2AGRIS
999 _c307356
_d307356